NBA Team's Top 3 Since 2000 - Statistics

General Stats
  • This quiz has been taken 76 times
  • The average score is 68 of 90
Answer Stats
Hint Answer Positon % Correct
76ers Joel Embiid Center
98%
Bucks Giannis Antetokounmpo Power Forward
96%
Cavaliers LeBron James ALL OF EM
96%
76ers Allen Iverson Point Guard
94%
Celtics Jayson Tatum Power Forward
94%
Cavaliers Kyrie Irving Point Guard
94%
Clippers Blake Griffin Power Forward
92%
Clippers Chris Paul Point Guard
92%
Heat Dwayne Wade Shooting Guard
92%
Rockets James Harden Point Guard
92%
Lakers Kobe Bryant Shooting Guard
92%
Celtics Paul Pierce Small Forward
92%
Lakers Shaquille O'Neal Center
92%
Pelicans David West Power Forward
91%
Spurs Kawhi Leonard Small Forward
91%
Nuggets Nikola Jokić Center
91%
Raptors Chris Bosh Power Forward
89%
Cavaliers Donovan Mitchell Shooting Guard
89%
Timberwolves Kevin Garnett Power Forward
89%
Bucks Khris Middleton Small Forward
89%
Grizzlies Marc Gasol Center
89%
Lakers Pal Gasol Center
89%
Trail Blazers Damien Lillard Point Guard
87%
Thunder Kevin Durant Power Forward
87%
Thunder Russell Westbrook Point Guard
87%
Hawks Trae Young Point Guard
87%
Pelicans Anthony Davis Power Forward
85%
Knicks Carmelo Anthony Small Forward
85%
Raptors Demar Derozan Small Forward
85%
Bulls Derrick Rose Point Guard
85%
Mavericks Dirk Nowitzki Power Forward
85%
Nuggets Jamal Murray Point Guard
85%
Mavericks Luka Doncic Shooting Guard
85%
Jazz Rudy Gobert Center
85%
Warriors Draymond Green Power Forward
83%
Magic Dwight Howard Center
83%
Warriors Klay Thompson Shooting Guard
83%
Pacers Paul George Shooting Guard
83%
Celtics Rajon Rondo Point Guard
83%
Thunder Shai Gilgeous-Alexander Point Guard
83%
Suns Steve Nash Point Guard
83%
Spurs Tim Duncan Power Forward
83%
Timberwolves Anthony Edwards Shooting Guard
81%
Kings Domantas Sabonis Power Forward
81%
Knicks Jalen Brunson Point Guard
81%
Heat Jimmy Butler Shooting Guard
81%
Hornets Lamelo Ball Point Guard
81%
Spurs Tony Parker Point Guard
81%
Suns Devin Booker Shooting Guard
79%
Mavericks Jason Kidd Point Guard
79%
Wizards John Wall Point Guard
79%
Warriors Stephen Curry Point Guard
79%
Raptors Vince Carter Shooting Guard
79%
Bulls Zach Lavine Shooting Guard
79%
Timberwolves Karl-Anthony Towns Power Forward
77%
Pistons Ben Wallace Center
75%
Hornets Gerald Wallace Power Forward
75%
Pacers Jermaine O'Neal Center
75%
Pelicans Jrue Holiday Point Guard
75%
Bulls Joakim Noah Center
74%
Suns Amar'e Stoudemire Power Forward
72%
Nets Brook Lopez Center
72%
Grizzlies Mike Conley Point Guard
72%
Pacers Reggie Miller Shooting Guard
72%
Hornets Kemba Walker Point Guard
70%
Bucks Ray Allen Shooting Guard
70%
Magic Tracy Mcgrady Shooting Guard
70%
Rockets Yao Ming Center
70%
Wizards Bradley Beal Shooting Guard
68%
Grizzlies Zach Randolph Power Forward
68%
Pistons Chauncey Billups Shooting Guard
66%
Kings DeMarcus Cousins Center
66%
Trail Blazers Lamarcus Aldridge Center
66%
Magic Nikola Vucevic Center
66%
Hawks Joe Johnson Small Forward
64%
Pistons Richard Hamilton Small Forward
57%
Hawks Al Horford Center
55%
Heat Alonzo Mourning Power Forward
53%
Trail Blazers C.J. McCollum Point Guard
51%
Wizards Gilbert Arenas Point Guard
51%
Knicks Julius Randle Power Forward
51%
76ers Andre Iguodala Small Forward
45%
Kings Peja Stojakovic Small Forward
45%
Clippers Elton Brand Power Forward
42%
Jazz Carlos Boozer Power Forward
40%
Jazz Andrei Kirilenko Power Forward
38%
Nets Richard Jefferson Small Forward
36%
Nets Kenyon Martin Power Forward
32%
Rockets Steve Francis Point Guard
32%
Nuggets Marcus Camby Power Forward
19%
No matching quizzes found
Score Distribution
Percent of People with Each Score
Percentile by Number Answered
Your Score History
You have not taken this quiz